| 000 | 01104nam a2200277 a 4500 | ||
|---|---|---|---|
| 001 | 000043328 | ||
| 003 | DO-SdBNP | ||
| 005 | 20240226184457.0 | ||
| 007 | ta | ||
| 008 | 101012s2007 dr 001 0 spa d | ||
| 040 |
_aDO-SdBNP _bspa _cBNPHU |
||
| 082 | 4 |
_a282.7293 _bI24doc, 2007 _222 |
|
| 245 | 1 | 0 |
_aDocumentos de la conferencia del episcopado dominicano 1955-1990 / _ccoordinador Luis O. Brea Franco. |
| 250 | _a2ª ed. | ||
| 260 |
_aSanto Domingo : _bBanReservas, _c2007. |
||
| 300 |
_a736 p. ; _c24 cm. |
||
| 500 | _aIncluye índice de lugares, onomástico y materia. | ||
| 505 | 0 |
_gv.1-- _t1955-1990 -- _gv.2: _t1991-1997-- _gv.3-- _t1998-2006. |
|
| 590 | _aInventariado, 2018/ YL | ||
| 650 | 4 |
_aConferencias episcopales católicas _zRepública Dominicana _xCongresos, conferencias, etc. _946335 |
|
| 650 | 4 |
_aIglésia católica _zRepública Dominicana _xCongresos, conferencias, etc. _946313 |
|
| 650 | 4 |
_aTeología _zRepública Dominicana _xCongresos, conferencias, etc. _946312 |
|
| 700 | 1 |
_aBrea Franco, Luis O. _ecoord. _97125 |
|
| 910 | _aValidado. Control de calidad EMS | ||
| 942 |
_2ddc _cLBS1 |
||
| 999 |
_c42817 _d42817 |
||